|
|
|
|
| LEADER |
02023nam a2200481 a 4500 |
| 001 |
nkc20152690715 |
| 003 |
CZ PrNK |
| 005 |
20170425114730.0 |
| 007 |
ta |
| 008 |
150401s2015 xr a e p 000 0 cze |
| 015 |
|
|
|a cnb002690715
|
| 020 |
|
|
|a 978-80-210-7746-1
|q (brož.)
|
| 035 |
|
|
|a (OCoLC)910988498
|
| 040 |
|
|
|a BOA001
|b cze
|d OLA001
|
| 043 |
|
|
|a e-xr---
|
| 072 |
|
7 |
|a 336.1/.5
|x Veřejné finance
|2 Konspekt
|9 4
|
| 072 |
|
7 |
|a 37.016
|x Učební osnovy. Vyučovací předměty. Učebnice
|2 Konspekt
|9 22
|
| 080 |
|
|
|a 336.22
|2 MRF
|
| 080 |
|
|
|a 336.225
|2 MRF
|
| 080 |
|
|
|a (437.3)
|2 MRF
|
| 080 |
|
|
|a (075.8)
|2 MRF
|
| 100 |
1 |
|
|a Radvan, Michal,
|d 1978-
|7 mzk2004228269
|4 aut
|
| 245 |
1 |
0 |
|a Daně a správa daní :
|b [bakalářský studijní program] /
|c Michal Radvan
|
| 250 |
|
|
|a 1. vyd.
|
| 260 |
|
|
|a Brno :
|b Masarykova univerzita,
|c 2015
|
| 300 |
|
|
|a 129 s. :
|b il. ;
|c 21 cm
|
| 490 |
1 |
|
|a Učebnice Právnické fakulty MU ;
|v sv. č. 503
|
| 500 |
|
|
|a Na obálce nad názvem: Masarykova univerzita, Právnická fakulta, katedra finančního práva a národního hospodářství
|
| 504 |
|
|
|a Obsahuje bibliografii
|
| 650 |
0 |
7 |
|a daně
|7 ph114293
|z Česko
|2 czenas
|
| 650 |
0 |
7 |
|a správa daní
|7 ph116260
|z Česko
|2 czenas
|
| 650 |
0 |
9 |
|a taxation
|z Czechia
|2 eczenas
|
| 650 |
0 |
9 |
|a tax administration
|z Czechia
|2 eczenas
|
| 655 |
|
7 |
|a učebnice vysokých škol
|7 fd133772
|2 czenas
|
| 655 |
|
9 |
|a textbooks (higher)
|2 eczenas
|
| 710 |
2 |
|
|a Masarykova univerzita.
|b Katedra finančního práva a národního hospodářství
|7 kn20140507009
|
| 810 |
2 |
|
|a Masarykova univerzita.
|b Právnická fakulta.
|t Učebnice
|0 s
|
| 910 |
2 |
|
|a BOA001
|b 2-1344.415
|
| 990 |
|
|
|a BK
|
| 995 |
|
|
|a 01
|
| 996 |
6 |
|
|b 2610628788
|c 2-1344.415
|l MZK
|r Sklad / do 1 hodiny
|n 25
|p p.v.
|w 001499487
|u 000010
|a 1
|e BOA001
|j MZK50
|s P
|
| 996 |
7 |
|
|b 2610628789
|c 2-1344.415
|l Vol.výběr
|r VV 0p
|n 32
|p p.v.
|h 336 RAD
|w 001499487
|u 000020
|a 0
|e BOA001
|j MZK50
|s A
|
| 996 |
7 |
|
|b 2610705541
|c 2-1344.415
|l Vol.výběr
|r VV 0p
|n 27
|p kup
|h 336 RAD
|w 001499487
|u 000030
|a 0
|e BOA001
|j MZK50
|s A
|